000 00351pab a2200145 454500
008 180718b1998 xxu||||| |||| 00| 0 eng d
100 _aJoppke, Christian
245 _aWhy liberal states accept unwanted immigration
260 _c1998
300 _ap.266-93
362 _aJan
650 _aImmigration
773 _aWorld Politics
909 _a40038
999 _c40038
_d40038